| 000 | 01078nam a2200313 a 4500 | ||
|---|---|---|---|
| 001 | 24966 | ||
| 003 | CO-ViMGA | ||
| 008 | 141112s2004 ck r 000 u spa d | ||
| 020 | _a9789581414116 | ||
| 040 |
_aCO-ViMGA _bspa _cCO-ViMGA |
||
| 041 | _aSPA | ||
| 090 | _aC ESC3 | ||
| 100 | 1 |
_aEscardó i Bas, Mercè _937688 |
|
| 245 | 1 | 0 |
_aAlí Babá y los 40 ladrones : _bcuento de las mil y una noches / _cexplicado por Mercè Escardó i Bas y Lluís Ganduxé ; versión castellana de Marco Tulio Ramírez ; ilustraciones de Daniel Sesé |
| 250 | _a1a ed., 2a reimpr. | ||
| 260 |
_aBogotá : _bLa Galera, _c2012 |
||
| 300 | _a22 p. : il. col. : il. | ||
| 490 | _aPopular | ||
| 650 | 1 | 4 |
_aAMBICION - CUENTO _937689 |
| 650 | 1 | 4 |
_aCUENTOS CLASICOS - ADAPTACIONES _937690 |
| 650 | 1 | 4 |
_aCUENTOS ORIENTALES _914816 |
| 650 | 1 | 4 |
_aDESDE LOS 6 AÑOS _92351 |
| 650 | 1 | 4 |
_aLADRONES - CUENTO _937691 |
| 650 | 1 | 4 |
_aLITERATURA INFANTIL _92746 |
| 700 | 1 |
_aGanduxé, Lluís _937692 |
|
| 700 | 1 |
_aRamírez, Marco Tulio _937693 |
|
| 700 | 1 |
_aSesé, Daniel _937694 |
|
| 942 |
_2ddc _cBK |
||
| 999 |
_c2567 _d2567 |
||